| 000 | 00460nam a22001697a 4500 | ||
|---|---|---|---|
| 003 | MACL | ||
| 005 | 20160802124440.0 | ||
| 008 | 160802b xxu||||| |||| 00| 0 eng d | ||
| 040 | _cMACL | ||
| 041 | _aEnglish | ||
| 082 | _a823 LAW | ||
| 100 |
_aLawrence, D.H _910029 |
||
| 245 |
_aFamous Stories _bWorld Literature Series British Literature _cD.H. Lawrence |
||
| 260 |
_aNew Delhi _bWorld Literature _c2008 |
||
| 650 |
_aStories _965931 |
||
| 942 |
_2ddc _cBK |
||
| 999 |
_c55425 _d55425 |
||